000 00850nam a22002297a 4500
001 0000003975, 0000003788
003 PPM
005 20260423100735.0
008 260423b ||||| |||| 00| 0 eng d
020 _a9679933911
_cRM 19.00
_qPaperback
035 _a0000003975, 0000003788
040 _bMalay
_cPusat Penyelidikan Mineral, Jabatan Mineral Dan Geosains Malaysia
_dPPM
_eRDA
082 0 0 _221
_a658.15
_bSER 2002
245 1 0 _a101 Soal Jawab Pengurusan Kewangan /
_coleh John Antony Xavier ...[et.al].,
260 1 _aKuala Lumpur :
_bInstitut Tadbiran Awam Negara,
_c2002
300 0 0 _axii, 185 pages.:
_billustrations .;
_c21 cm
504 _aMengandungi rujukan bibliografi (p.: 185)
650 1 0 _aCorporations
_xFinance
_xMiscellanea
650 0 _aBusiness enterprises
700 1 _aXavier, John Anthony
_eauthor
942 _2ddc
_cBK
999 _c27223
_d27223